|
|
|
|
| LEADER |
00000nab#a22000007a#4500 |
| 001 |
arbauad039615 |
| 003 |
AR-BaUAD |
| 005 |
20250711113104.0 |
| 008 |
990826|||||||||###||||||b###|0###a|spa|| |
| 040 |
|
|
|a AR-BaUAD
|c AR-BaUAD
|b spa
|
| 100 |
|
|
|a Nunziante, Marinetta
|
| 245 |
|
|
|a L'eredita' dell'avanguardia /
|c Marinetta Nunziante;
|
| 300 |
0 |
|
|b fot., plantas, cortes, planos
|
| 500 |
|
|
|a Artículo sobre la exposición fotográfica "Giovane Austria: Construzioni e concetti".
|
| 653 |
|
|
|a EXPOSICIONES
|
| 653 |
|
|
|a AUSTRIA
|
| 653 |
|
|
|a ARQUITECTURA
|
| 653 |
|
|
|a FOTOGRAFIA
|
| 653 |
|
|
|a VIVIENDAS UNIFAMILIARES
|
| 653 |
|
|
|a KRISCHANITZ, MARGHERITA
|
| 773 |
0 |
|
|t VILLE GIARDINI
|g no. 281 [mayo 1993], p. 30-33
|
| 942 |
|
|
|c ARTI
|
| 952 |
|
|
|0 0
|1 0
|4 0
|7 0
|9 84534
|a AR-BAuAD
|b AR-BAuAD
|d 2025-07-11
|l 0
|p AAQA039615
|r 2025-07-11 11:31:03
|w 2025-07-11
|y ARTI
|
| 990 |
|
|
|a AQ199
|b TD
|
| 998 |
|
|
|a AAQ
|b BIBUN76
|
| 999 |
|
|
|c 64207
|d 64207
|